Подвиг. [Т.] 6 (Запись № 7189860)
[ простой вид ]
| 000 -МАРКЕР | |
|---|---|
| контрольное поле | 01542nam2a22003011 4500 |
| 001 - ИДЕНТИФИКАТОР ЗАПИСИ | |
| контрольное поле | rc\85785 |
| 005 - ИДЕНТИФИКАТОР ВЕРСИИ | |
| контрольное поле | 20250620194110.0 |
| 021 ## - НОМЕР ГОСУДАРСТВЕННОЙ РЕГИСТРАЦИИ | |
| Код страны | Российская Федерация |
| Номер | 96-1912 |
| 035 ## - ДРУГИЕ СИСТЕМНЫЕ НОМЕРА | |
| Идентификатор записи | (NLR Aleph) 005391373 |
| 100 ## - ДАННЫЕ ОБЩЕЙ ОБРАБОТКИ | |
| Данные общей обработки | 20021216d1995 |||y0rusy50 ca |
| 101 0# - ЯЗЫК РЕСУРСА | |
| Язык текста, звукозаписи и т.д. | русский |
| 102 ## - СТРАНА ПУБЛИКАЦИИ ИЛИ ПРОИЗВОДСТВА | |
| Страна публикации | Российская Федерация |
| 105 ## - ПОЛЕ КОДИРОВАННЫХ ДАННЫХ: ТЕКСТОВЫЕ МАТЕРИАЛЫ, МОНОГРАФИЧЕСКИЕ | |
| Кодированные данные о монографическом текстовом документе | y z||||||a| |
| 200 0# - ЗАГЛАВИЕ И СВЕДЕНИЯ ОБ ОТВЕТСТВЕННОСТИ | |
| Основное заглавие | [Т.] 6 |
| 210 ## - ПУБЛИКАЦИЯ, РАСПРОСТРАНЕНИЕ И ДР. | |
| Дата издания, распространения и т.д. | 1995 |
| Место издания, распространения и т.д. | Б. м. |
| 215 ## - ФИЗИЧЕСКАЯ ХАРАКТЕРИСТИКА | |
| Специфическое обозначение материала и объем | 383 с. |
| 327 1# - ПРИМЕЧАНИЯ О СОДЕРЖАНИИ | |
| Текст примечания | Содерж.: Времена негодяев : роман / В. Головачев. Рука Яши Мугера : повесть / В. Пьецух |
| 461 #0 - УРОВЕНЬ НАБОРА | |
| Встроенное поле | 001rc\85779 |
| -- | 2001#$aПодвиг$e[Сб.]$v[Т.] 6 |
| Системный номер (АБИС) связанной записи | 7189803 |
| Место публикации | Москва |
| Дата публикации | 1995 |
| Имя издателя, распространителя и т.д. | Сельская молодежь |
| Сведения, относящиеся к заглавию | [сборник] |
| Заглавие | Подвиг |
| Номер тома | [Т.] 6 |
| 464 #0 - АНАЛИТИЧЕСКИЙ УРОВЕНЬ | |
| Встроенное поле | 2001#$aВремена негодяев$eроман$fВ. Головачев |
| -- | 700#1$aГоловачев$bВ. В.$cписатель, художник$f1948-$gВасилий Васильевич$3RU\NLR\AUTH\77906 |
| Заглавие | Времена негодяев |
| Автор | Головачев, Василий Васильевич (писатель, художник ; 1948-) |
| 464 #0 - АНАЛИТИЧЕСКИЙ УРОВЕНЬ | |
| Встроенное поле | 2001#$aРука Яши Мугера$eповесть$fВ. Пьецух |
| -- | 700#1$aПьецух$bВ. А.$f1946-$gВячеслав Алексеевич$3RU\NLR\AUTH\7734062 |
| Заглавие | Рука Яши Мугера |
| Автор | Пьецух, Вячеслав Алексеевич (1946-) |
| 686 1# - ИНДЕКСЫ ДРУГИХ КЛАССИФИКАЦИЙ | |
| Индекс | Ш6(2=Р)75-446 |
| 801 #0 - ИСТОЧНИК ЗАПИСИ | |
| Страна | Российская Федерация |
| Организация | NLR |
| Правила каталогизации | psbo |
| 801 #1 - ИСТОЧНИК ЗАПИСИ | |
| Страна | Российская Федерация |
| Организация | ELAR |
| Источник данных | rusmarc |
| 852 ## - МЕСТОНАХОЖДЕНИЕ И ШИФР ХРАНЕНИЯ | |
| Идентификатор организации | NLR |
| Шифр хранения (Call Number) | 95-3/2425 |
| 942 ## - ДОПОЛНИТЕЛЬНЫЕ ЭЛЕМЕНТЫ ЗАПИСИ (АБИС) | |
| Тип экземпляра АБИС | Книга |
| 980 ## - КОЛЛЕКЦИЯ | |
| Название коллекции | Национальная библиография |
| Тип экземпляра | Дата поступления | Библиотека постоянного хранения | Библиотека текущего хранения | Место хранения | Шифр хранения | Штрих-код | Статус экземпляра |
|---|---|---|---|---|---|---|---|
| Книга | 26.10.2013 | РНБ (Московский) | РНБ (Московский) | Русский книжный фонд: издания с 1957 года | 95-3/2425 | 5391373-10 |